| 000 | 00735nam a2200265 a 4500 | ||
|---|---|---|---|
| 005 | 20180803165124.0 | ||
| 008 | 140312s1996 sp fr|||| 000 0dspa d | ||
| 020 | _a8481640972 | ||
| 040 |
_aCO-BoIAVH _cCO-BoIAVH |
||
| 041 | 0 | _aspa | |
| 044 | _ack | ||
| 082 | 0 | 4 |
_a577.076 _bM67e |
| 100 | 1 | _aMires, Fernando | |
| 245 | 1 | 0 | _aEcología solidaria |
| 260 |
_aSan Cristóbal : _bEditorial Trotta, _c1996. |
||
| 300 |
_a106 páginas ; _c23 x 15 cm. |
||
| 650 | 1 | 6 | _aEcología |
| 650 | 2 | 6 | _aEconomía |
| 700 | 1 | _aGeorge, Susan | |
| 700 | 1 | _aGaleano, Eduardo | |
| 700 | 1 | _aMuñoz, Francesc | |
| 700 | 1 | _aTamames, Ramón | |
| 700 | 1 | _aBoff, Leonardo | |
| 942 |
_cLIBRO _2ddc |
||
| 999 |
_c3810 _d3810 |
||